Experiencias de aprendizaje para compartir con maestras jardineras

Uloženo v:
Podrobná bibliografie
Hlavní autoři: Zafferri, Emilia Luisa (Autor), Sarto, María Teresa (Autor)
Médium: Kniha
Jazyk:španělština
Vydáno: Buenos Aires Braga 1991
Vydání:1a. ed
Edice:Colección Didáctica Operativa
Témata:
Tagy: Přidat tag
Žádné tagy, Buďte první, kdo vytvoří štítek k tomuto záznamu!

MARC

LEADER 00000nam a2200000 a 4500
001 UCT3910
003 CL-VaPUC
008 961031e19910000AG |||||||||||||||||spa|d
020 |a 9507550100 
082 0 4 |a 372.21  |b ZAF  |2 21 
100 0 |a Zafferri, Emilia Luisa  |e author  |9 372973 
700 0 |a Sarto, María Teresa  |e author  |9 372974 
245 1 0 |a Experiencias de aprendizaje para compartir con maestras jardineras 
250 |a 1a. ed 
300 |a 112 p 
942 |c BK 
945 |d 19961031 00:00:00  |a nastorga 
260 |a Buenos Aires  |b Braga  |c 1991 
650 0 |a Educación preescolar  |9 260381 
650 0 |a Aprendizaje   |9 254827 
650 0 |a Educación personalizada  |9 352575 
650 7 |a JARDIN INFANTIL  |2 CL-VaPUC  |9 308724 
650 7 |a JUEGOS DIDACTICOS  |2 CL-VaPUC  |9 372975 
650 0 |a Psicolingüística   |9 283371 
650 7 |a ORIENTACION EDUCACIONAL  |2 CL-VaPUC  |9 312512 
650 0 |a Creatividad   |9 310816 
583 |a last modification  |c 19961031 00:00:00  |k Rodrigo Vera 
490 0 |a Colección Didáctica Operativa 
999 |c 253412  |d 253410 
952 |0 0  |1 0  |4 0  |6 372_210000000000000_ZAF_1991  |7 0  |8 P  |9 274245  |a BIBEDU  |b BIBEDU  |c BIBEDU_PB  |d 2019-11-19  |i 3247759  |o 372.21 ZAF 1991  |p 3247759  |r 2024-01-25  |w 2019-11-19  |y BK  |k EDU 
952 |0 0  |1 0  |4 0  |6 372_210000000000000_ZAF_1991  |7 0  |8 P  |9 274246  |a BIBEDU  |b BIBEDU  |c BIBEDU_PB  |d 2019-11-19  |i 426469K  |o 372.21 ZAF 1991  |p 426469K  |r 2024-01-25  |w 2019-11-19  |y BK  |k PAR